| 000 | 00819nam a2200241Ia 4500 | ||
|---|---|---|---|
| 003 | GCL | ||
| 008 | 140319s9999 xx 000 0 ara d | ||
| 040 |
_aGCL / _cGCL |
||
| 082 | 0 | 4 |
_a228.7 _bح ك |
| 100 | 1 | _aحميد مجول النعيمى | |
| 245 | 1 | 0 |
_aالكون واسراره فى آيات القران الكريم / _cحميد مجول النعيمى |
| 250 | _aالاولى | ||
| 260 |
_aبيروت : _bالدار العربية للعلوم ، _c2000 |
||
| 300 |
_a418 ص ؛ _c28 سم |
||
| 650 | 0 | 4 | _aالقران والعلم |
| 650 | 0 | 4 | _aالقران - الفاظ |
| 650 | 0 | 4 | _aالسماء |
| 650 | 0 | 4 | _aالكون، وصف |
| 650 | 0 | 4 | _aالقران - تفاسير حديثة |
| 650 | 0 | 4 | _aالقران، خواص واسرار |
| 650 | 0 | 4 | _aالظواهر الفلكية |
| 942 |
_2ddc _cBK |
||
| 999 |
_c8057 _d8057 |
||